Tablice rejestracyjne miast/powiatów woj.świętokrzyskie - Statystyki

Ogólne statystyki
  • Ten quiz został rozwiązany 841 razy
  • Średni wynik to 13 z 14
Statystyki odpowiedzi
Miasto / powiat Rejestracja % Poprawnych
Kielce TK
100%
powiat kielecki TKI
99%
powiat buski TB
98%
powiat opatowski TOP
97%
powiat ostrowiecki TOS
97%
powiat pińczowski TPI
97%
powiat sandomierski TSA
97%
powiat starachowicki TST
97%
powiat jędrzejowski TJE
96%
powiat kazimierski TKA
96%
powiat skarżyski TSK
96%
powiat konecki TKN
95%
powiat staszowski TSZ
91%
powiat włoszczowski TLW
54%
Nie znaleziono quizów pasujących do podanych kryteriów
Rozkład punktacji
Procent ludzi z każdym wynikiem
Percentyl według liczby udzielonych odpowiedzi
Twoja historia wyników
Nie rozwiązałeś tego quizu